Caricamento...

Randu Vidyaranyakrithikal : Panchadashi,Jeevanukthi Vivekam

Dettagli Bibliografici
Autore principale: Balakrishnan Nair,G
Natura: Printed Book
Lingua:Malayalam
Pubblicazione: Kerala Bhasha Institute, Thiruvananthapuram Kerala Bhasha Institute, Thiruvananthapuram 1997
LEADER 00562nam a2200121Ia 4500
008 111204s9999 xx 000 0 mal d
100 |a Balakrishnan Nair,G. 
245 |a Randu Vidyaranyakrithikal  |c Balakrishnan Nair,G.  |b : Panchadashi,Jeevanukthi Vivekam 
260 |b Kerala Bhasha Institute, Thiruvananthapuram  |a Kerala Bhasha Institute, Thiruvananthapuram  |c 1997 
300 |a 494p. 
942 |c BK 
999 |c 211018  |d 211018 
952 |0 0  |1 0  |2 ddc  |4 0  |6 294_100000000000000_BAL_P  |7 0  |9 233348  |a MAL  |b MAL  |c ST1  |d 1974-03-19  |g 140.00  |l 0  |o 294.1 BAL/P  |p MAL25882  |r 2011-12-05  |v 140.00  |w 2011-12-05  |y BK